000 00509nam a2200181 i 4500
001 31721
003 ES-MaACL
005 20230906154430.0
007 t|
008 030130s1977 xxka |||| | eng d
100 1 _aBengtson, Bo.
_927577
245 1 4 _aThe dogs of the world... /
_cBo Bengtson, Ake Wintzell.
260 _aLondon :
_bDavid & Charles,
_c[1977]
300 _a288 p. :
_bil. ;
_c25 cm.
650 4 _aPerros.
_9150938
700 1 _aWintzell, Ake.
_9117126
852 _aES-MaACL
_jA-7715
_bR.96565
999 _c31721
_d31721